Les forestiers à la croisée des chemins, ou Comment une profession s'approprie des indicateurs de performance (notice n° 2224934)
[ vue normale ]
| 000 -LEADER | |
|---|---|
| fixed length control field | 01159cam a2200157 4500500 |
| 005 - DATE AND TIME OF LATEST TRANSACTION | |
| control field | 20260426014351.0 |
| 041 ## - LANGUAGE CODE | |
| Language code of text/sound track or separate title | fre |
| 042 ## - AUTHENTICATION CODE | |
| Authentication code | dc |
| 100 10 - MAIN ENTRY--PERSONAL NAME | |
| Personal name | Bernard, Benoît |
| Relator term | author |
| 245 00 - TITLE STATEMENT | |
| Title | Les forestiers à la croisée des chemins, ou Comment une profession s'approprie des indicateurs de performance |
| 260 ## - PUBLICATION, DISTRIBUTION, ETC. | |
| Date of publication, distribution, etc. | 2005.<br/> |
| 500 ## - GENERAL NOTE | |
| General note | 84 |
| 520 ## - SUMMARY, ETC. | |
| Summary, etc. | RésuméLa multiplication d’indicateurs de gestion destinés à rationaliser, à rendre visible et prévisible l’action traverse la plupart des domaines sociaux et économiques. L’objectif de l’article est de montrer la capacité des « agents forestiers », responsables de la gestion des forêts d’État, à construire, à mobiliser et à rendre acceptables des indicateurs plus ou moins objectifs pour leur permettre de négocier de manière pragmatique une gestion de la forêt adaptée à la nature des enjeux locaux (protection du gibier, d’espaces naturels, de la biodiversité…). |
| 786 0# - DATA SOURCE ENTRY | |
| Note | Sociologies pratiques | 10 | 1 | 2005-03-01 | p. 19-33 | 1235-9278 |
| 856 41 - ELECTRONIC LOCATION AND ACCESS | |
| Uniform Resource Identifier | <a href="https://shs.cairn.info/revue-sociologies-pratiques-2005-1-page-19?lang=fr&redirect-ssocas=7080">https://shs.cairn.info/revue-sociologies-pratiques-2005-1-page-19?lang=fr&redirect-ssocas=7080</a> |
Pas d'exemplaire disponible.




Réseaux sociaux